Online katalóg knižníc regiónu Turca

Bonboniera Pre Belindu (Record no. 20713)

MARC details
000 -LEADER
fixed length control field 01051nam a2200301 a 4500
001 - CONTROL NUMBER
control field 20713
003 - CONTROL NUMBER IDENTIFIER
control field VRT
005 - DATE AND TIME OF LATEST TRANSACTION
control field 20260130135646.0
008 - FIXED-LENGTH DATA ELEMENTS--GENERAL INFORMATION
fixed length control field 950619s1984 xo a 000 1 slo c
035 ## - SYSTEM CONTROL NUMBER
System control number UKB000117236
040 ## - CATALOGING SOURCE
Original cataloging agency BAA001
Language of cataloging slo
Transcribing agency BAA001
Description conventions AACR2
041 1# - LANGUAGE CODE
Language code of text/sound track or separate title slo
044 ## - COUNTRY OF PUBLISHING/PRODUCING ENTITY CODE
MARC country code xo
ISO country code SK
084 ## - OTHER CLASSIFICATION NUMBER
Classification number W 6(4H)-644.61
Number source UKB
100 1# - MAIN ENTRY--PERSONAL NAME
Personal name Heeresma, Faber
245 00 - TITLE STATEMENT
Title Bonboniera Pre Belindu
Remainder of title -Specialne Pro Spanielsky.-Halo,halo...Ste To Vy, Plotsky? /aut:/faber A Heere Heeresma.Z Holan. Orig.Prel.Julia Majekova.
260 ## - PUBLICATION, DISTRIBUTION, ETC.
Place of publication, distribution, etc. Bratislava
Name of publisher, distributor, etc. Slov. spis.
Date of publication, distribution, etc. 1984
300 ## - PHYSICAL DESCRIPTION
Extent 440 S.
500 ## - GENERAL NOTE
General note Zelena Kniznica.-Frontsp
700 1# - ADDED ENTRY--PERSONAL NAME
Personal name Heeresma, Heere
700 1# - ADDED ENTRY--PERSONAL NAME
Personal name Májeková, Júlia /prel./
910 ## - USER-OPTION DATA (OCLC)
User-option data ukb
942 ## - ADDED ENTRY ELEMENTS (KOHA)
Source of classification or shelving scheme Dewey Decimal Classification
Koha item type Krásna literatúra pre dospelých
Suppress in OPAC No
949 ## - LOCAL PROCESSING INFORMATION (OCLC)
6 117236-10
a 27.D.12297
b PV.4477-84
o 1.superrevízia 7.10.2015 Novotná
s 6706:20151007
949 ## - LOCAL PROCESSING INFORMATION (OCLC)
6 1800383035
a 27.D.12297
b KD.465-84
949 ## - LOCAL PROCESSING INFORMATION (OCLC)
6 117236-40
a 27.D.12297
b KD.466-84
o 1.superrevízia 7.10.2015 Novotná
s 6706:20151007
949 ## - LOCAL PROCESSING INFORMATION (OCLC)
6 117236-20
a S.D.81105
b PV.4478-84
Holdings
Stav vyradenia Strata Poškodenie Spôsob nadobudnutia Domovská knižnica Aktuálna knižnica Dátum nadobudnutia Total checkouts Čiarový kód exemplára Date last seen Typ exemplára
      Dar Obecná knižnica Horná Štubňa Obecná knižnica Horná Štubňa 30.01.2026   4736200852 30.01.2026 Krásna literatúra pre dospelých
Projekt je podporený Slovenskou asociáciou knižníc
Prevádzkuje Turčianska knižnica Martin 2026